| 000 | 00553cam a22001457a 4500 | ||
|---|---|---|---|
| 999 |
_c518645 _d518645 |
||
| 008 | 180718b-- xxu||||| |||| 00| 0 eng d | ||
| 082 | _aL806x54 F/2019-20 | ||
| 245 | _aFinance accounts, Union Government, 2019-20 | ||
| 260 |
_aDelhi _bThe Controller of Publications _c2020 |
||
| 300 | _a558p | ||
| 500 | _aLibrary has 1991/92-2003/04, 2005/06-2007/08, 2009/10,2017/18,2019/20 | ||
| 650 |
_aFinance, Public - Auditing - India _97554 |
||
| 700 |
_aIndia. Ministry of Finance. Department of Expenditure. Controller General of Accounts _97555 |
||
| 942 | _2ddc | ||